Online
Catalog

Cervantes y su época : (Record no. 18938)

MARC details
000 -CABECERA
campo de control de longitud fija 00873nam a2200229 a 4500
001 - NÚMERO DE CONTROL
campo de control 000019422
005 - FECHA Y HORA DE LA ÚLTIMA TRANSACCIÓN
campo de control 20240503073630.0
008 - DATOS DE LONGITUD FIJA--INFORMACIÓN GENERAL
campo de control de longitud fija 100629s2008 es ac 001 0bspa d
020 ## - NÚMERO INTERNACIONAL ESTÁNDAR DEL LIBRO
Número Internacional Estándar del Libro 9788497645614
040 ## - FUENTE DE LA CATALOGACIÓN
Centro catalogador/agencia de origen DO-SdBNP
Lengua de catalogación spa
Centro/agencia transcriptor BNPHU
082 ## - NÚMERO DE LA CLASIFICACIÓN DECIMAL DEWEY
Número de clasificación 928.61
Número de documento/Ítem C419G
049 ## - FONDOS LOCALES (OCLC)
Fondos de biblioteca BNPD
100 1# - ENTRADA PRINCIPAL--NOMBRE DE PERSONA
Nombre de persona García Calleja, José A.
9 (RLIN) 41686
245 10 - MENCIÓN DE TÍTULO
Título Cervantes y su época :
Resto del título el soldado y escritor entre dos siglos /
Mención de responsabilidad, etc. José A. García Calleja, F. Javier González Martín ; coordinadores Felipe Sen
Fechas extremas/inclusivas Taller de libros
260 ## - PUBLICACIÓN, DISTRIBUCIÓN, ETC.
Lugar de publicación, distribución, etc. Madrid :
Nombre del editor, distribuidor, etc. Edimat Libros,
Fecha de publicación, distribución, etc. 2008.
300 ## - DESCRIPCIÓN FÍSICA
Extensión 190 p. :
Otras características físicas il., retrs. ;
Dimensiones 22. cm.
500 ## - NOTA GENERAL
Nota general Incluye cronología de Cervantes 1547-1618
504 ## - NOTA DE BIBLIOGRAFÍA, ETC.
Nota de bibliografía, etc. Incluye bibliografías (p. 187-188)
600 10 - PUNTO DE ACCESO ADICIONAL DE MATERIA--NOMBRE DE PERSONA
Nombre de persona Cervantes Saavedra, Miguel de,
Fechas asociadas al nombre 1547-1616
9 (RLIN) 3070
700 1# - PUNTO DE ACCESO ADICIONAL--NOMBRE DE PERSONA
Nombre de persona González Martín, F. Javier
9 (RLIN) 41687
700 1# - PUNTO DE ACCESO ADICIONAL--NOMBRE DE PERSONA
Nombre de persona Sen Felipe
Término indicativo de función/relación coor.
9 (RLIN) 41688
Holdings
Estado de retiro Estado de pérdida Restricciones de uso No para préstamo Código de colección Localización permanente Ubicación/localización actual Ubicación en estantería Fecha de adquisición Número de inventario Total de préstamos Signatura topográfica completa Código de barras Fecha visto por última vez Precio válido a partir de Tipo de ítem Koha
    Préstamo interno   Monografías: Libros y Folletos R R En catalogación 29.06.2010 LF1   928.61 C419G 19422-10 25.06.2020 25.06.2020 Préstamo interno

Powered by Koha